Development and society (Record no. 165)

MARC details
000 -LEADER
fixed length control field 01079cam a22003014a 4500
001 - CONTROL NUMBER
control field 16312478
003 - CONTROL NUMBER IDENTIFIER
control field OSt
005 - DATE AND TIME OF LATEST TRANSACTION
control field 20230602141630.0
008 - FIXED-LENGTH DATA ELEMENTS--GENERAL INFORMATION
fixed length control field 100701s2009 ja a b 000 0 eng
010 ## - LIBRARY OF CONGRESS CONTROL NUMBER
LC control number 2010446389
020 ## - INTERNATIONAL STANDARD BOOK NUMBER
International Standard Book Number 9784875401063
040 ## - CATALOGING SOURCE
Original cataloging agency DLC
Transcribing agency DLC
043 ## - GEOGRAPHIC AREA CODE
Geographic area code aw-----
-- a-ja---
082 ## - DEWEY DECIMAL CLASSIFICATION NUMBER
Classification number 301.0720519
Item number DEV
100 ## - MAIN ENTRY--PERSONAL NAME
Titles and words associated with a name The Institution For Social Development And Policy Research
Dates associated with a name December, 2007
245 00 - TITLE STATEMENT
Title Development and society
260 ## - PUBLICATION, DISTRIBUTION, ETC. (IMPRINT)
Place of publication, distribution, etc. Seoul National University
Name of publisher, distributor, etc. Institute For Social Development And Policy Research
Date of publication, distribution, etc. December, 2007
300 ## - PHYSICAL DESCRIPTION
Extent 330 p. :
Other physical details ill. (some col.) ;
Dimensions 21 cm.
440 ## - SERIES STATEMENT/ADDED ENTRY--TITLE
Volume/sequential designation 36
International Standard Serial Number 15988074
Number of part/section of a work 2
651 #0 - SUBJECT ADDED ENTRY--GEOGRAPHIC NAME
Geographic name Middle East
General subdivision Foreign relations
Geographic subdivision Japan.
651 #0 - SUBJECT ADDED ENTRY--GEOGRAPHIC NAME
Geographic name Japan
General subdivision Foreign relations
Geographic subdivision Middle East.
700 ## - ADDED ENTRY--PERSONAL NAME
Titles and other words associated with a name Institute for Social Development And Policy Research, Seoul National University
710 2# - ADDED ENTRY--CORPORATE NAME
Corporate name or jurisdiction name as entry element Kokusai Kōryū Kikin.
710 2# - ADDED ENTRY--CORPORATE NAME
Corporate name or jurisdiction name as entry element Kokusai Kōryū Kikin.
906 ## - LOCAL DATA ELEMENT F, LDF (RLIN)
a 7
b cbc
c orignew
d 3
e ncip
f 20
g y-gencatlg
942 ## - ADDED ENTRY ELEMENTS (KOHA)
Source of classification or shelving scheme Dewey Decimal Classification
Koha item type Books
Holdings
Withdrawn status Lost status Source of classification or shelving scheme Damaged status Not for loan Home library Current library Date acquired Total Checkouts Full call number Barcode Date last seen Price effective from Koha item type
    Dewey Decimal Classification     Bunge Tower Library Bunge Tower Library 06/02/2023   301.0720519 DEV 10015115 06/02/2023 06/02/2023 Books
LIBRARY OPENING HOURS

When the Parliament is sitting: 8.00a.m - 7.00p.m or until the house adjourns
Mondays and Fridays and when the House is on Recess:  8.00a.m - 5.00p.m
Closed on Weekends and Public Holidays

Online Public Access Catalog (OPAC)
Website: http://www.parliament.go.ke
Bunge Library: https://libraryir.parliament.go.ke
Contact: library@parliament.go.ke | Tel no: (254-2)2221291 or 2848000 Ext 5043